000 00545cam2a220019300 4500
001 tmp15582682
003 UPRA
005 20190822121208.0
008 950914s1953 nr eng u
035 _a(Sirsi) r52081
035 _a(UPRA)tmp15582682
040 _cUPRA
100 1 _aCameron, Norman Eustace.
_6A10534.1
245 1 0 _aThree immortals :
_ba collection of three plays.
260 _aGeorgetown :
_bF.A. Persick,
_c1953.
500 _aContains music.
949 _aPR9320.9.C3
_wlcc
_i-66091
_mMAIN
_tBOOK
_lON-SHELF
004 52081
999 _c134758
_d134758